000 00332nam a22001457a 4500
008 250324b |||||||| |||| 00| 0 eng d
020 _a9780702082528
050 _aRD31
_b.P75
245 _aPrinciples and practice of surgery
250 _a8th
260 _bElsevier
_c2023
300 _axi,568p
650 _aSurgery
942 _cBK
999 _c2634
_d2634